000 01985nam a2200493 i 4500
001 DIGPUVAL0999
003 NyNyDIG
006 m o d
007 cr |||||||||||
008 240601s2023 sp ob 001 0 spa d
035 _a(OCoLC)1439423560
040 _aDGITA
_beng
_erda
_epn
_cDGITA
020 _a9788411182263
_q(pdf)
020 _a9788411182256
_q(ePub)
020 _z9788411182249
_q(papel)
041 1 _aspa
_heng
050 1 4 _aRC321 ebook
100 1 _aPeskin, Sara Manning,
_eauthor.
240 1 0 _aMolecule Away from Madness.
_lSpanish
_s(Nácher Roselió)
245 1 0 _aA una molécula de la locura :
_brelatos del cerebro secuestrado /
_cSara Manning Peskin ; traducción, Juan Nácher Roselió.
250 _aEdición digital.
264 1 _a[Valencia] :
_bPublicacions de la Universitat de València,
_c2023.
300 _a1 online resource.
336 _atext
_btxt
_2rdacontent
337 _acomputer
_bc
_2rdamedia
338 _aonline resource
_bcr
_2rdacarrier
347 _atext file
_2rdaft
347 _bEPUB
347 _bPDF
490 1 _aSin fronteras
504 _aIncludes bibliographical references and index.
588 0 _aOnline resource; title from PDF title page (Digitalia, viewed June 1, 2024)
650 0 _aNeurosciences.
650 0 _aBrain
_xResearch.
700 1 _aNácher Roselió, Juan,
_etranslator.
700 1 _iTranslation of:
_aPeskin, Sara Manning.
_tMolecule Away from Madness.
776 0 8 _iPrint version:
_aPeskin, Sara Manning.
_sMolecule Away from Madness. Spanish (Nácher Roselió).
_tA una molécula de la locura.
_d[Valencia] : Publicacions de la Universitat de València, 2023
_z9788411182249
791 2 _aDigitalia (Firm),
_edistributor.
793 0 _gDigitalia eBook Collection:
_aUniversitat de València
830 0 _aSin fronteras (Valencia, Spain)
856 4 0 _3Digitalia Hispánica
_uhttps://www.digitaliapublishing.com/a/135863/
910 _aPremium collection: 2024
942 _cRAA
999 _c283484
_d283484